100 Nomes mais populares do Brasil - Statistics

Estatísticas Gerais
  • Esse quiz foi jogado 1 750 vezes
  • A pontuação média é 43 de 100
Estatísticas das Respostas
# NOMES % Correto
1 Maria
97%
4 João
95%
2 José
88%
3 Ana
87%
10 Pedro
87%
13 Gabriel
86%
9 Paulo
78%
11 Lucas
77%
6 Luiz/Luís
77%
53 Júlia
76%
14 Mateus/Matheus
72%
8 Carlos
71%
57 Vitor
69%
20 Bruno
68%
12 Marcos
68%
15 Rafael
66%
61 Gabriela
65%
22 Felipe
64%
47 Bruna
63%
18 Daniel
63%
21 Eduardo
63%
35 Fernanda
63%
30 Fernando
63%
5 Antônio
61%
16 Tiago/Thiago
61%
60 Mariana
60%
27 André
57%
37 Guilherme
55%
34 Gustavo
55%
7 Francisco
54%
63 Vitória
53%
66 Beatriz
52%
33 Leonardo
51%
98 Lúcia
51%
19 Marcelo
51%
29 Juliana
50%
32 Fábio
48%
82 Carla
47%
89 Daniela
45%
78 Júlio
45%
51 Roberto
45%
24 Rodrigo
44%
84 Alex
43%
80 Renato
43%
45 Amanda
42%
52 Letícia
41%
43 Ricardo
41%
42 Camila
40%
31 Márcia
40%
88 Vinícius
40%
39 Leandro
39%
44 Márcio
39%
36 Patrícia
39%
71 Renata
39%
25 Antônia
37%
17 Francisca
37%
64 Larissa
37%
67 Luana
37%
65 Cláudia
36%
56 Diego
36%
55 Luciana
35%
97 Fabiana
34%
58 Vanessa
34%
50 Alexandre
33%
70 Cláudio
33%
79 Natália
33%
95 Samuel
33%
28 Adriana
32%
38 Aline
31%
46 Jorge
31%
77 Luciano
31%
49 Jéssica
30%
87 Rosa
30%
26 Manoel
29%
76 Adriano
28%
96 Andréia
28%
40 Sandra
28%
59 Sérgio
28%
94 Rogério
25%
83 Débora
23%
68 Rita
22%
41 Anderson
20%
99 Raquel
20%
74 Simone
19%
81 Cristiane
18%
48 Sebastião
18%
69 Sônia
18%
100 Ângela
17%
86 Jaqueline
17%
90 Aparecida
15%
54 Edson
15%
72 Eliane
15%
62 Vera
15%
75 Geraldo
14%
23 Raimundo
14%
73 Josefa
13%
93 Raimunda
11%
91 Marlene
9%
85 Rosângela
8%
92 Terezinha
6%
Nenhum quiz correspondente encontrado
Distribuição das Pontuações
Porcentagem de Pessoas com Cada Pontuação
Percentil de Números Respondidos
Sua Pontuação Histórica
Você não jogou esse quiz